History Quiz

Random History or Song Quiz

Evolution of Anthems Quiz Stats

 Plays Quiz Updated Mar 9, 2020

Support Sporcle.
Go Orange.
Score 0/15 Timer 03:00
1 Play Today
Anthem Change Country % Correct
Replace 'Partant pour la Syrie' with 'La Marseillaise'France
98.4%
Adopt 'The Star-Spangled Banner' as the official anthemUnited States
93.4%
Confirm 'Das Deutschlandlied' as the official anthemGermany
88.8%
Replace 'King', 'him', and 'his' with 'Queen', 'she', and 'her' in anthemUnited Kingdom
88.6%
Alter former anthem's lyrics by removing mentions of Lenin and CommunismRussia
83.2%
Combine parts of former anthem with parts of 'Nkosi Sikelel' iAfrika' to form a five-language anthemSouth Africa
72.5%
Formally adopt 'Hatikvah' as national anthemIsrael
65.4%
Replace 'Horst Wessel Lied' with 'Land der Berge, Land am Strome'Austria
63.9%
Anthem Change Country % Correct
Establish 'İstiklâl Marşı' as the official anthem to promote national unityTurkey
54.6%
Replace the monarchy's 'O Hino da Carta' with the current anthemPortugal
48.4%
Following coup, replace the royal anthem with 'Phleng Chat'Thailand
48.2%
Adopt pashto-language 'Milli Surood' as national anthem with new constitutionAfghanistan
37.4%
Remove third verse of 'Canción Nacional', which lauds the military, after fall of dictatorshipChile
36.7%
Readopt the current anthem to replace 'Allahu Akbar'Libya
30.8%
Restore the original lyrics of 'March of the Volunteers'China
22.1%

You're not logged in!

Compare scores with friends on all Sporcle quizzes.
OR
Log In

From the Vault

Same Super Bowl, Different Team

by Hejman

We suppose you can call these coaches...super?
Remove Ads.
Support Sporcle.
Get the best of Sporcle when you Go Orange. This ad-free experience offers more features, more stats, and more fun while also helping to support Sporcle. Thank you for becoming a member.

Show Comments

Extras

Top Quizzes Today


Score Distribution

Your Account Isn't Verified!

In order to create a playlist on Sporcle, you need to verify the email address you used during registration. Go to your Sporcle Settings to finish the process.

Report this User

Report this user for behavior that violates our Community Guidelines.

Details: